A study on the effect of pesticides on the health of vegetable growers i svayproteal communce, saang district, kanda province, ការសិក្សាពីឥទ្ធិពលថ្នាំកសិកម្ម លើសុខភាពកសិកម្មដាំបន្លែ នៅឃុំស្វាយប្រទាល ស្រុកស្អាង ខេត្តកណ្តាល (Record no. 1344)

000 -LEADER
fixed length control field 00768nam a22001577a 4500
003 - CONTROL NUMBER IDENTIFIER
control field OSt
005 - DATE AND TIME OF LATEST TRANSACTION
control field 20150927151446.0
008 - FIXED-LENGTH DATA ELEMENTS--GENERAL INFORMATION
fixed length control field 150927b xxu||||| |||| 00| 0 eng d
040 ## - CATALOGING SOURCE
Transcribing agency RUA
082 ## - DEWEY DECIMAL CLASSIFICATION NUMBER
Classification number AGR SAY 2001 B012 Or.1
100 ## - MAIN ENTRY--PERSONAL NAME
9 (RLIN) 1429
Personal name SAY, TREUKPHALINE.
245 ## - TITLE STATEMENT
Title A study on the effect of pesticides on the health of vegetable growers i svayproteal communce, saang district, kanda province, ការសិក្សាពីឥទ្ធិពលថ្នាំកសិកម្ម លើសុខភាពកសិកម្មដាំបន្លែ នៅឃុំស្វាយប្រទាល ស្រុកស្អាង ខេត្តកណ្តាល
260 ## - PUBLICATION, DISTRIBUTION, ETC. (IMPRINT)
Place of publication, distribution, etc. Phnom Penh
Name of publisher, distributor, etc. RUA
Date of publication, distribution, etc. 2001
300 ## - PHYSICAL DESCRIPTION
Extent 40p.
Other physical details ill.
Dimensions 29cm.
942 ## - ADDED ENTRY ELEMENTS (KOHA)
Source of classification or shelving scheme
Koha item type AGR
Holdings
Price effective from Date last seen Permanent Location Not for loan Date acquired Source of classification or shelving scheme Koha item type Lost status Withdrawn status Date last checked out Total Checkouts Shelving location Damaged status Barcode Current Location Full call number
2015-09-272017-11-10Library Block B 2015-09-27 AGR  2017-10-272B012 RUA018995Library Block BAGR SAY 2001 B012 Or.1
មជ្ឈមណ្ឌលឯការនៃសាកលវិទ្យាល័យភូមិន្ទកសិកម្មចំការដូង

Powered by Koha